[Event "Piacenza Region-ch"]
[Site "Piacenza"]
[Date "2023.01.14"]
[Round "3"]
[White "Tirelli, Stefano"]
[Black "Crisci, Carlo"]
[Result "0-1"]
[WhiteElo "1645"]
[BlackElo "999"]
[PlyCount "115"]
[EventDate "2023.01.13"]
[EventType "swiss"]
[EventRounds "5"]
[EventCountry "ITA"]
[SourceTitle "CBM 212 Extra"]
[Source "ChessBase"]
[SourceDate "2023.03.31"]
[SourceVersion "1"]
[SourceVersionDate "2023.03.31"]
[SourceQuality "1"]

1. d4 d5 2. Nf3 Nf6 3. Bf4 e6 4. e3 c5 5. c3 c4 6. Be2 Bd6 7. Nbd2 Bxf4 8. exf4 Nc6 9. Ne5 Qb6 10. Qc2 Nd7 11. Ndf3 f6 12. Nxc6 Qxc6 13. 0-0 Nb6 14. b3 Bd7 15. bxc4 Nxc4 16. Qb3 b5 17. Bd3 0-0 18. Bxc4 Qxc4 19. Qxc4 bxc4 20. Rab1 Rab8 21. g3 Ba4 22. Rfe1 Kf7 23. g4 Bc2 24. Rxb8 Rxb8 25. g5 Rb2 26. gxf6 gxf6 27. Ra1 a5 28. Ne1 Bb1 29. a3 a4 30. Ng2 Bd3 31. Ne3 Rb3 32. Nd1 Bc2 33. Ne3 Bd3 34. Nd1 Kg6 35. Kg2 Kf5 36. Kg3 h5 37. h4 Be2 38. Ne3+ Ke4 39. Ra2 Kd3 40. f5 Bg4 41. Nxg4 hxg4 42. fxe6 Kxc3 43. Kxg4 Kxd4 44. Re2 Rb8 45. Kf5 Kc5 46. Kxf6 d4 47. Re5+ Kd6 48. e7 d3 49. e8Q Rxe8 50. Rxe8 Kd7 51. Re1 c3 52. Rd1 d2 53. h5 Kc6 54. h6 c2 55. Rxd2 c1Q 56. Rd8 Qxh6+ 57. Ke7 Qg5+ 58. Ke8 0-1